000 00424nam a2200157Ia 4500
008 240729s9999 xx 000 0 und d
022 _a1526-1719
245 0 _aJournal of Graph Algorithms and Applications
260 _aUnited States
260 _bBrown University
650 _a Mathematics
650 _aScience
856 _uhttps://doaj.org/toc/7446a849c8dc41549ddb358535cacba1
942 _2ddc
942 _cDOAJEJ
999 _c72139
_d72139
945 _a1
_bMadushi Gamage
_c1
_dMadushi Gamage